Podnikanie a podnikateľské myslenie II. ako smerovať a viesť podnik k udržateľnému úspechu

Saved in:
Bibliographic Details
Main Author: Papula, Jozef
Other Authors: Hudáková, Monika, Papulová, Zuzana, Papula, Ján
Format: Book
Language:Slovak
Published: Praha Wolters Kluwer 2016
Edition:1. vydanie
Subjects:
Tags: Add Tag
No Tags, Be the first to tag this record!

MARC

LEADER 00000nam a2200000 4500
001 0241012
005 20221019110332.2
020 |a 978-80-7478-994-6 
041 0 |a slo 
044 |a CZ 
245 1 0 |a Podnikanie a podnikateľské myslenie II.  |b ako smerovať a viesť podnik k udržateľnému úspechu  |c Jozef Papula a kolektív 
250 |a 1. vydanie 
264 1 |a Praha  |b Wolters Kluwer  |c 2016 
300 |a 234 s. 
610 2 0 |a podnikanie 
610 2 0 |a podnik 
610 2 0 |a rozvoj podniku 
610 2 0 |a myslenie ekonomické 
610 2 0 |a kapitál intelektuálny 
610 2 0 |a prostredie podnikateľské 
610 2 0 |a legislatíva 
610 2 0 |a výkonnosť podniku 
610 2 0 |a zisk podnikový 
610 2 0 |a stratégia podniková 
610 2 0 |a cykly podnikateľské 
610 2 0 |a riadenie podnikové 
610 2 0 |a start-up 
610 2 0 |a partnerstvo strategické 
610 2 0 |a podnikanie elektronické 
100 1 |a Papula, Jozef 
700 1 |a Hudáková, Monika 
700 1 |a Papulová, Zuzana 
700 1 |a Papula, Ján